| 000 | 00932nac a22003011u 4500 | ||
|---|---|---|---|
| 003 | EG-ScBUE | ||
| 005 | 20220905104452.0 | ||
| 008 | 200219t1997 nyua f 000 0 eng d | ||
| 020 | _a0070114056 : | ||
| 020 | _a9780070114050 | ||
| 040 |
_aEG-ScBUE _beng _erda _cEG-ScBUE _dEG-ScBUE |
||
| 082 | 0 | 4 |
_a720.222 _bCHE _222 |
| 100 | 1 |
_aChen, John S.M., _eauthor. |
|
| 245 | 1 | 0 |
_aArchitecture in color drawings / _cJohn S.M. Chen, AIA. |
| 264 | 1 |
_aNew York : _bMcGraw-Hill, _c[1997] |
|
| 264 | 4 | _cc1997 | |
| 300 |
_aix, 219 pages : _bcolor illustrations ; _c29 cm |
||
| 336 |
_2rdacontent _atext _btxt |
||
| 337 |
_2rdamedia _aunmediated _bn |
||
| 338 |
_2rdacarrier _avolume _bnc |
||
| 500 | _aDistributer: Al-Ahram. | ||
| 650 | 7 |
_aArchitectural drawing _xTechnique. _2BUEsh |
|
| 650 | 7 |
_aColor drawing. _2BUEsh |
|
| 651 | _2BUEsh | ||
| 653 | _bENGARC | ||
| 655 |
_vReading book _934232 |
||
| 942 |
_cBB _k720.222 CHE _2ddc |
||
| 999 |
_c9733 _d9733 |
||